Score 0/26 Timer 02:00
0 Plays Today
'80s Band Missing Word % Correct
_______ DuranDuran
98.2%
_______ LeppardDef
96.5%
Men at _______Work
88.5%
_______ -D.M.C.Run
87.9%
Talking _______Heads
87.1%
Tears for _______Fears
82.9%
Huey _______ & The NewsLewis
82.6%
Depeche _______Mode
80.1%
A _______ of SeagullsFlock
80%
Culture _______Club
78.9%
Pet Shop _______Boys
77.1%
Frankie Goes to _______Hollywood
70.8%
Men Without _______Hats
64.2%
'80s Band Missing Word % Correct
_______ MisterMr.
63.8%
_______ Young CannibalsFine
63.1%
Dexys _______ RunnersMidnight
59.5%
_______ & the AntsAdam
58.2%
_______ ChungWang
56.4%
Oingo _______Boingo
54.7%
Spandau _______Ballet
54.3%
_______ LeagueHuman
52%
Thompson _______Twins
51.9%
_______ OrderNew
46.8%
_______ FemmesViolent
44.1%
The Boomtown _______Rats
43.3%
Psychedelic _______Furs
36.6%

Today's Daily Dose

Missing Word
Lizzo Songs

Get the Picture
The Longest Rivers

Remove Ads.
Support Sporcle.
Get the best of Sporcle when you Go Orange. This ad-free experience offers more features, more stats, and more fun while also helping to support Sporcle. Thank you for becoming a member.

You're not logged in!

Compare scores with friends on all Sporcle quizzes.
OR
Log In

Show Comments

Extras

Top Quizzes Today


Score Distribution

Your Account Isn't Verified!

In order to create a playlist on Sporcle, you need to verify the email address you used during registration. Go to your Sporcle Settings to finish the process.

Report this User

Report this user for behavior that violates our Community Guidelines.

Details: